Statistiken für Römisches Reich Quiz

Klicken Sie hier um das Quiz zu spielen!

Allgemein

  • Dieses Quiz wurde 844 mal gespielt
  • Das Durchschnittsergebnis liegt bei 10 aus 15

Antwortstatistiken

FrageAntwort% Korrekt
Mit was ritt Hannibal über die Alpen?Mit 37 Kriegselefanten
94%
Wer soll für den Großen Brand Roms 64 n. Chr. verantwortlich sein?Kaiser Nero
81%
Wer war der Gründer Roms und somit der erste römische König?Romulus
81%
Wo hat die Varusschlacht 9 n. Chr. stattgefunden?Teutoburger Wald
76%
Wann wurde Rom gegründet?21. April 753 v.Chr.
74%
Wie heißt der römische Göttervater?Jupiter
72%
Wer war der erste römische Kaiser?Augustus
69%
Welches heutige Land war kein Teil Roms?Polen
63%
Unter welchem Namen war das Oströmische Reich noch bekannt, bevor es im Jahre 1453 zerfiel?Byzantinisches Reich
61%
In welcher Reihenfolge traten die Staatsformen auf?Königszeit, Demokratie, Kaiserzeit
58%
Welchen Fluss überquerte Julius Caesar mit seinen Truppen am 10. Januar 49 v. Chr. und erklärte damit dem römischen Senat den Krieg?Rubikon
53%
Wo befindet sich der Hadrianswall?Großbritannien
52%
Aus welchen drei Personen bestand das erste Triumvirat?Gaius Iulius Caesar, Gnaeus Pompeius Magnus, Marcus Licinius Crassus
51%
Wer war der letzte römische König?Lucius Tarquinius Superbus
39%
Wen trieb Gaius Octavius nicht in den Suizid?Cicero
30%

Verteilung der Resultate

Perzentil nach korrekt beantworteten Fragen

Anzahl Personen mit jedem Resultat

Ihre Resultats-Entwicklung

Sie haben dieses Quiz noch nicht gespielt